Beyonders: Rulers of Treniscourt - Statistics

General Stats
  • This quiz has been taken 9 times
  • The average score is 4 of 6
Answer Stats
# Hint Answer % Correct
2 Prince and unrecognized king of Treniscourt, who is finally recognized at the beginning of the third book. Galloran
100%
6 Proclaimed emperor of all Lyrian and mortal enemy of #2. Maldor
88%
5 Former chancellor who led a coup to take regentship from #4, and then claimed it for #6. Copernum
75%
4 Regent appointed by #2 while #2 was at war. Nedwin
63%
3 Regent who ruled in the absence of #2. Dolan
50%
1 Father of #1. First known king of Treniscourt. Dromidus
38%
No matching quizzes found
Score Distribution
Percent of People with Each Score
Percentile by Number Answered
Your Score History
You have not taken this quiz